松花江上的公路桥 SonghuaRiver Bridges - Statistics

General Stats
  • This quiz has been taken 18 times
  • The average score is 19 of 50
Answer Stats
Hint Answer % Correct
吉林白山抚松 松花江大桥
86%
吉林白山靖宇|鹤大高速 松花江大桥
86%
黑龙江大庆肇源|大广高速 松花江大桥
86%
黑龙江哈尔滨道外|哈尔滨绕城 松花江大桥
86%
黑龙江哈尔滨呼兰&宾县 松花江大桥
86%
黑龙江哈尔滨通河&方正 松花江大桥
86%
黑龙江佳木斯郊区|鹤大高速 松花江特大桥
86%
黑龙江佳木斯富锦 松花江大桥
86%
吉林吉林船营&丰满 吉林大桥
71%
吉林吉林丰满 白山大桥
50%
吉林吉林昌邑&丰满 江湾大桥
50%
吉林吉林昌邑&龙潭 龙潭大桥
50%
黑龙江哈尔滨道外&松北 松浦大桥
50%
吉林吉林丰满 丰满大桥
43%
吉林吉林船营&丰满 临江门大桥
43%
吉林吉林昌邑&龙潭 雾凇大桥
43%
吉林吉林昌邑&龙潭 松江大桥
43%
吉林松原宁江 松原大桥
43%
吉林松原宁江 松原松花江大桥
43%
黑龙江哈尔滨依兰 依兰松花江大桥
43%
黑龙江佳木斯郊区&向阳 佳木斯松花江公路大桥
43%
吉林吉林昌邑&龙潭 清源大桥
36%
吉林吉林昌邑&龙潭 哈龙大桥
36%
吉林松原宁江|大广高速 宁江松花江特大桥
36%
黑龙江哈尔滨道里&松北 阳明滩大桥
36%
黑龙江哈尔滨道里&松北 哈尔滨松花江公路大桥
36%
黑龙江哈尔滨宾县&木兰 木兰松花江公路大桥
36%
吉林吉林桦甸 红石大桥
29%
吉林吉林丰满|吉黑高速 兰旗大桥
29%
吉林白山抚松&靖宇 参乡三号桥
21%
吉林白山抚松&靖宇 参乡二号桥
21%
吉林白山抚松&靖宇 参乡一号桥
21%
吉林延边安图|延长高速 两江水库大桥
21%
吉林吉林桦甸 红林大桥
21%
吉林吉林昌邑&龙潭 秀水大桥
21%
吉林吉林昌邑|珲乌高速 九站松花江特大桥
21%
黑龙江哈尔滨道里|绥满高速 四方台大桥
21%
黑龙江哈尔滨道外&松北 滨北线松花江公铁桥
21%
吉林白山抚松 西江桥
14%
吉林吉林昌邑&龙潭 金珠大桥
14%
吉林长春德惠&松原扶余 乌金屯松花江大桥
14%
吉林长春德惠|京哈高速 陶赖昭松花江特大桥
14%
吉林松原宁江|松原绕城 龙华松花江大桥
14%
吉林松原宁江 天河大桥
14%
吉林白山抚松 汤河口桥
7%
吉林吉林舒兰&长春九台 白旗松花江大桥
7%
吉林长春榆树&德惠 半拉山松花江特大桥
7%
吉林长春德惠 防洪大桥
7%
吉林吉林桦甸|延长高速 江沿屯松花江大桥
0%
吉林长春德惠 渡口大桥
0%
No matching quizzes found
Score Distribution
Percent of People with Each Score
Percentile by Number Answered
Your Score History
You have not taken this quiz